000 00373 a2200133 4500
020 _a1-85326-062-2
040 _aDLC
_bDLC
100 1 _aTolstoj, Lev Nikolaevic,
245 0 0 _aWar and peace
_cLeo Tolstoy ; translated by Louise and Aylmer Maude
260 _aWare :
_bWordsworth ed.,
_c1993
300 _a981 s.
490 0 _aWordsworth classics
942 _cBK
_k822.914 TOL
_2ddc
999 _c4887
_d4887